O lobo que gostava demasiado de doces (Record no. 2031)

MARC details
000 -Etiqueta do registo
Valores 00773nam a2200265 4500
010 ## - Número ISBN
ISBN 9789899221772
021 ## - Número do Depósito Legal
Código do país Portugal
Número 546040/25
100 ## - Dados gerais de processamento
Dados gerais 20260114d2025 bc|y0pory50030103ba
101 ## - Língua de publicação
Língua Português
102 ## - País de publicação
País Portugal
200 ## - Titulo e menção de responsabilidade
Título próprio O lobo que gostava demasiado de doces
Primeira menção de responsabilidade Christine Beigel, Hervé Le Goff
205 ## - Menção da edição
Edição 1ª edição
210 ## - Publicação
Local de publicação Lisboa
Nome do editor Jacarandá
Data de publicação 2025
215 ## - Descrição física 
Paginação / Volumes [23] p.
Outras indicações físicas il.
Dimensões 24 cm
225 ## - Colecção 
Título próprio da colecção As histórias da mãe galinha
300 ## - Notas gerais 
Texto da nota BMB-Registado
304 ## - Nota relativa ao título
Texto de nota Tít. orig.: Le loup qui aimait trop les bonbons
606 ## - Nome comum usado como assunto
ID Autoridade 863
Palavra de ordem Literatura Infantil
675 ## - CDU
Notação 087.5
Edição BMB
Língua por
700 ## - Autor principal (pessoa individual)
Apelido Beigel
Nome Christine
Datas 1972-
ID Autoridade 2909
701 ## - Co-autor principal (pessoa individual)
Apelido Le Goff
Nome Hervé
Datas 1971-
Função Co-autor
ID Autoridade 2910
801 ## - Fonte de origem
País PT
Agência BMB
Regras de catalogação RPC
990 ## - Elementos KOHA
Tipo de documento Livro
Holdings
Situação do levantamento Estado Número Biblioteca de origem Código de barras Cota Permissão de empréstimo Tipo de documento Forma de aquisição
    1 Biblioteca Municipal de Borba 1981 087.5 BEI / LOB   Livro Compra
Biblioteca Municipal de Borba

Powered by Koha